[Event "World Youth Girls U18 2014"]
[Site "Durban RSA"]
[Date "2014.09.22"]
[Round "4.10"]
[White "Wafa, Shrook"]
[Black "Hoare, Amy B"]
[Result "0-1"]
[WhiteTitle "WGM"]
[WhiteElo "2141"]
[BlackElo "1981"]
[WhiteFideId "10609970"]
[BlackFideId "418366"]
[EventDate "2014.09.20"]

1. e4 e5 2. Nf3 Nc6 3. Bb5 Nf6 4. O-O Nxe4 5. d4 Nd6 6. Bxc6 dxc6 7. dxe5 Nf5 8.
Qxd8+ Kxd8 9. Rd1+ Ke8 10. Nc3 b6 11. Bf4 h6 12. Ne4 Be6 13. h3 Bd5 14. Nfd2 Nd4
15. Nc3 Nxc2 16. Rac1 Nd4 17. Nf1 Ne6 18. Bh2 Bc4 19. Ne3 Ba6 20. Ne4 Nc5 21.
Ng3 Bb5 22. Nh5 Be2 23. g4 Bxd1 24. Rxd1 Rd8 25. Rc1 Kd7 26. b4 Nd3 27. Rd1 Kc8
28. a3 c5 29. b5 Nb2 30. Rb1 Na4 31. Rb3 Rd4 32. Kf1 c4 33. Rb1 c3 34. Nf4 Bc5
35. Ne2 Rd2 36. Nc4 Rd3 37. Kg2 Rhd8 38. Bf4 Rd1 39. Rb3 c2 40. Nb2 Rb1 41. Bc1
Nxb2 42. Rxb2 Rxb2 43. Bxb2 Rd3 0-1

[Event "World Youth Girls U18 2014"]
[Site "Durban RSA"]
[Date "2014.09.22"]
[Round "4.11"]
[White "Michelle Catherina, P"]
[Black "Ichimura G. Barbosa, Larissa Y."]
[Result "1-0"]
[WhiteElo "2114"]
[BlackElo "1952"]
[WhiteFideId "5005736"]
[BlackFideId "2126753"]
[EventDate "2014.09.20"]

1. e4 e6 2. d4 d5 3. Nc3 Nf6 4. Bg5 Be7 5. e5 Nfd7 6. Bxe7 Qxe7 7. f4 a6 8. Nf3
c5 9. dxc5 Qxc5 10. Qd4 Nc6 11. Qxc5 Nxc5 12. a3 b5 13. O-O-O Bb7 14. Be2 O-O
15. Nd4 Rac8 16. Rhe1 Nd7 17. Nb3 Rc7 18. Rf1 Rb8 19. Na2 Rbc8 20. Nd2 Nb6 21.
Nb4 Nc4 22. Rf2 Rd8 23. Nxc4 bxc4 24. Nxc6 Bxc6 25. Bxc4 d4 26. Bxa6 1-0

[Event "World Youth Girls U18 2014"]
[Site "Durban RSA"]
[Date "2014.09.22"]
[Round "4.12"]
[White "Fischer, Julie"]
[Black "Regam, Jessica"]
[Result "1-0"]
[BlackTitle "WFM"]
[WhiteElo "1960"]
[BlackElo "2031"]
[WhiteFideId "699969"]
[BlackFideId "2033496"]
[EventDate "2014.09.20"]

1. e4 e6 2. d4 d5 3. Nc3 Nf6 4. Bg5 Be7 5. e5 Nfd7 6. h4 h6 7. Bxe7 Qxe7 8. Qg4
O-O 9. f4 a6 10. Nf3 c5 11. O-O-O Nc6 12. Qh3 f6 13. g4 cxd4 14. exf6 Qxf6 15.
Ne2 e5 16. g5 Qg6 17. h5 Qd6 18. Qh4 d3 19. cxd3 exf4 20. d4 Nb4 21. Nc3 Qc6 22.
Kb1 Nb6 23. Ne5 Qd6 24. gxh6 Bf5+ 25. Kc1 Qxh6 26. a3 Nc6 27. Ng4 Bxg4 28. Qxg4
f3+ 29. Kb1 Rf4 30. Qg3 Nxd4 31. Qf2 Qf6 32. Bd3 Re8 33. h6 Ne2 34. hxg7 Nxc3+
35. bxc3 Re2 36. Rdg1 Rxf2 37. Rh8+ Kf7 38. g8=Q+ Ke7 39. Qd8+ Ke6 40. Re8+ Kf7
41. Rf8+ 1-0

[Event "World Youth Girls U18 2014"]
[Site "Durban RSA"]
[Date "2014.09.22"]
[Round "4.13"]
[White "Nevioselaya, Maria"]
[Black "Schmalhorst, Sophia"]
[Result "1-0"]
[WhiteElo "2024"]
[BlackElo "1903"]
[WhiteFideId "13502280"]
[BlackFideId "24682497"]
[EventDate "2014.09.20"]

1. e4 e5 2. Nf3 Nc6 3. Bb5 a6 4. Ba4 Nf6 5. O-O b5 6. Bb3 Be7 7. Re1 O-O 8. h3
d6 9. c3 Na5 10. Bc2 c5 11. d4 Qc7 12. d5 Bd7 13. b3 c4 14. Ba3 Qd8 15. Nbd2 Rc8
16. Nf1 Re8 17. Ng3 Nb7 18. b4 a5 19. Nf5 Bxf5 20. exf5 axb4 21. cxb4 h6 22. Bc1
Qc7 23. a4 bxa4 24. Bxa4 Qb6 25. Bxe8 1-0

[Event "World Youth Girls U18 2014"]
[Site "Durban RSA"]
[Date "2014.09.22"]
[Round "4.14"]
[White "Doan, Thi Hong Nhung"]
[Black "Cosman, Andreea-Marioara"]
[Result "1-0"]
[WhiteElo "1903"]
[BlackElo "2018"]
[WhiteFideId "12403547"]
[BlackFideId "1217968"]
[EventDate "2014.09.20"]

1. d4 Nf6 2. c4 c5 3. d5 d6 4. Nc3 g6 5. e4 Bg7 6. Bd3 O-O 7. a3 e6 8. Nf3 Re8
9. O-O Na6 10. Rb1 Qa5 11. Bf4 e5 12. Be3 h6 13. b4 cxb4 14. axb4 Qb6 1-0

[Event "World Youth Girls U18 2014"]
[Site "Durban RSA"]
[Date "2014.09.22"]
[Round "4.15"]
[White "Machlik, Monika"]
[Black "Yashora, Tiumi"]
[Result "1/2-1/2"]
[WhiteElo "2005"]
[BlackElo "1706"]
[WhiteFideId "1513621"]
[BlackFideId "9903534"]
[EventDate "2014.09.20"]

1. d4 Nf6 2. c4 e6 3. Nc3 Bb4 4. Qc2 Nc6 5. e3 d6 6. Bd2 Qe7 7. a3 Bxc3 8. Bxc3
e5 9. dxe5 Nxe5 10. Nf3 Bd7 11. Be2 Bc6 12. Nxe5 dxe5 13. O-O Be4 14. Qa4+ Bc6
15. Qa5 Nd7 16. Qxc7 O-O 17. Rfd1 Qg5 18. Bf1 Rfd8 19. Qd6 Ba4 20. Rd2 Rac8 21.
Qb4 1/2-1/2

[Event "World Youth Girls U18 2014"]
[Site "Durban RSA"]
[Date "2014.09.22"]
[Round "4.16"]
[White "Leonardi, Caterina"]
[Black "Abdi, Zineb Dina"]
[Result "1-0"]
[BlackTitle "WIM"]
[WhiteElo "1903"]
[BlackElo "1911"]
[WhiteFideId "14601036"]
[BlackFideId "7900880"]
[EventDate "2014.09.20"]

1. d4 d5 2. c4 e6 3. Nf3 Nf6 4. g3 Be7 5. Bg2 O-O 6. O-O dxc4 7. Qc2 a6 8. a4
Bd7 9. Qxc4 Bc6 10. Nc3 Nbd7 11. Rd1 Nb6 12. Qd3 h6 13. e4 Nbd7 14. Be3 b6 15.
Re1 Ng4 16. d5 Nde5 17. Qd2 Nxe3 18. fxe3 Bd7 19. dxe6 fxe6 20. Nd4 Bd6 21. Rad1
Be8 22. Nxe6 1-0

[Event "World Youth Girls U18 2014"]
[Site "Durban RSA"]
[Date "2014.09.22"]
[Round "4.17"]
[White "Utiatskaja, Irina"]
[Black "Machlik, Edit"]
[Result "1-0"]
[WhiteElo "2047"]
[BlackElo "1929"]
[WhiteFideId "24140848"]
[BlackFideId "1513591"]
[EventDate "2014.09.20"]

1. e4 c6 2. d4 d5 3. e5 c5 4. dxc5 Nc6 5. Bb5 e6 6. Be3 Ne7 7. c3 Bd7 8. Bxc6
Bxc6 9. Bd4 Nf5 10. Nf3 Nxd4 11. cxd4 b6 12. O-O bxc5 13. dxc5 Bb5 14. Re1 Bxc5
15. Nc3 Bd7 16. Rc1 Rc8 17. a3 a5 18. Na4 Ba7 19. Rxc8 Qxc8 20. Nc3 Qc4 21. Qd2
O-O 22. Rc1 Rc8 23. Ne2 Qa6 24. Nfd4 Qb6 25. h3 h6 26. Rc3 Rxc3 27. Qxc3 Qc5 28.
Qxc5 Bxc5 29. Kf1 Kf8 30. f4 Ke7 31. Ke1 Kd8 32. Kd2 Kc7 33. Kc3 Bc8 34. b4
axb4+ 35. axb4 Be7 36. g3 1-0

[Event "World Youth Girls U18 2014"]
[Site "Durban RSA"]
[Date "2014.09.22"]
[Round "4.18"]
[White "Rodsmoen, Maud"]
[Black "Adanmis, Ezgi"]
[Result "1/2-1/2"]
[WhiteElo "1901"]
[BlackElo "1546"]
[WhiteFideId "1510550"]
[BlackFideId "6360017"]
[EventDate "2014.09.20"]

1. e4 e6 2. d4 d5 3. Nd2 Be7 4. c3 Nf6 5. e5 Nfd7 6. Bd3 c5 7. Ne2 Nc6 8. O-O a6
9. Nf3 b5 10. Be3 cxd4 11. cxd4 Nb6 12. b3 Nb4 13. Bc1 Bd7 14. Bb1 Rc8 15. a3
Nc6 16. Bd3 O-O 17. b4 Nc4 18. Qe1 a5 19. Bxc4 1/2-1/2

[Event "World Youth Girls U18 2014"]
[Site "Durban RSA"]
[Date "2014.09.22"]
[Round "4.19"]
[White "Jaskunaite, Areta"]
[Black "Hiebler, Laura"]
[Result "0-1"]
[WhiteElo "1499"]
[BlackElo "1901"]
[WhiteFideId "12809250"]
[BlackFideId "1617621"]
[EventDate "2014.09.20"]

1. d4 f5 2. Nf3 Nf6 3. Bg5 Ne4 4. Bf4 e6 5. Nbd2 Be7 6. h4 d5 7. e3 Nd7 8. c3
Ndf6 9. Be2 Bd6 10. Be5 Qe7 11. Bxd6 Qxd6 12. Ne5 Bd7 13. Rh3 Rf8 14. Nb3 Qb6
15. f3 Nd6 16. Qc2 O-O-O 17. Nc5 Nf7 18. Ncd3 Bb5 19. Nc5 Bxe2 20. Qxe2 Nxe5 21.
dxe5 Qxc5 0-1

[Event "World Youth Girls U18 2014"]
[Site "Durban RSA"]
[Date "2014.09.22"]
[Round "4.20"]
[White "Mynzhasarova, Kamilla"]
[Black "Kumari, S C T"]
[Result "1-0"]
[WhiteElo "1882"]
[BlackElo "1525"]
[WhiteFideId "13703668"]
[BlackFideId "9917390"]
[EventDate "2014.09.20"]

1. e4 e6 2. d4 d5 3. Nc3 Nf6 4. e5 Nfd7 5. a3 c5 6. Nf3 Nc6 7. Be3 cxd4 8. Bxd4
a6 9. Be2 Nxd4 10. Qxd4 Bc5 11. Qg4 O-O 12. Bd3 f5 13. exf6 Nxf6 14. Qh4 h6 15.
O-O Be7 16. Qd4 Ne8 17. Bg6 Nf6 18. Rfe1 Qc7 19. Rad1 Ne4 20. Nxe4 dxe4 21. Bxe4 1-0

[Event "World Youth Girls U18 2014"]
[Site "Durban RSA"]
[Date "2014.09.22"]
[Round "4.21"]
[White "Koh, Clarise"]
[Black "Foster, Chantelle L"]
[Result "1/2-1/2"]
[WhiteElo "1446"]
[BlackElo "1840"]
[WhiteFideId "3200388"]
[BlackFideId "408476"]
[EventDate "2014.09.20"]

1. e4 c5 2. Nf3 e6 3. d4 cxd4 4. Nxd4 Nc6 5. Nc3 Qc7 6. Be3 a6 7. f4 b5 8. Qd2
Bb7 9. Bd3 Nf6 10. h3 b4 11. Nce2 Nxd4 12. Bxd4 Nxe4 13. Qe3 Nc5 14. Rg1 Bd5 15.
f5 O-O-O 16. a3 b3 17. Rc1 Kb8 18. cxb3 Nxd3+ 19. Qxd3 Qa5+ 20. Kf2 Bb7 21. f6
e5 22. fxg7 Bxg7 23. Be3 d5 24. Rc5 e4 25. Qd1 Qxc5 26. Bxc5 Rhe8 27. Nc3 d4 28.
Nxe4 Bxe4 29. Qd2 f5 30. Qb4+ Bb7 31. Bd6+ Ka8 32. Bc5 d3 33. Qb6 Kb8 34. Bd6+
Ka8 35. Bc5 Kb8 36. Bd6+ 1/2-1/2

[Event "World Youth Girls U18 2014"]
[Site "Durban RSA"]
[Date "2014.09.22"]
[Round "4.22"]
[White "Al-Moaamari, Mozah"]
[Black "Domingos, Maria M"]
[Result "0-1"]
[WhiteElo "1301"]
[BlackElo "1737"]
[WhiteFideId "9307010"]
[BlackFideId "10100768"]
[EventDate "2014.09.20"]

1. c4 e5 2. Nc3 Nc6 3. g3 Nf6 4. Bg2 Bb4 5. e3 d6 6. Nge2 Be6 7. d3 O-O 8. a3
Bxc3+ 9. Nxc3 Qc8 10. O-O Ne7 11. Qf3 c6 12. b4 Bg4 13. Bh3 Bxh3 0-1

[Event "World Youth Girls U18 2014"]
[Site "Durban RSA"]
[Date "2014.09.23"]
[Round "5.1"]
[White "Saduakassova, Dinara"]
[Black "Osmanodja, Filiz"]
[Result "1/2-1/2"]
[WhiteTitle "WGM"]
[BlackTitle "WIM"]
[WhiteElo "2409"]
[BlackElo "2310"]
[WhiteFideId "13700090"]
[BlackFideId "24633569"]
[EventDate "2014.09.20"]

1. d4 Nf6 2. c4 e6 3. Nc3 d5 4. cxd5 exd5 5. Bg5 Be7 6. e3 O-O 7. Bd3 c6 8. Nge2
Nbd7 9. Ng3 Ne8 10. h4 Nd6 11. Qc2 h6 12. Bxe7 Qxe7 13. Nf5 Nxf5 14. Bxf5 Nf6
15. O-O-O Bxf5 16. Qxf5 Rfd8 17. Qc2 b5 18. Kb1 a5 19. Rhg1 Ng4 20. g3 Rd6 21.
Qe2 h5 22. Rd3 Re8 23. Re1 Re6 24. Nd1 b4 25. f3 Nh6 26. Qf2 Rc8 27. Re2 g6 28.
b3 Nf5 29. Qe1 c5 30. dxc5 d4 31. Nb2 dxe3 32. g4 hxg4 33. fxg4 Nxh4 34. Rdxe3
Rxe3 35. Rxe3 Qxc5 36. Qd2 Ng2 37. Re4 Nh4 38. Re3 Ng2 39. Re4 Qc3 40. Qxc3 Rxc3
41. Nc4 a4 42. bxa4 f5 43. gxf5 gxf5 44. Re2 Nf4 45. Rc2 Nd5 46. a5 b3 47. Rxc3
Nxc3+ 48. Kb2 bxa2 49. a6 Nb5 50. Kxa2 f4 51. Nd6 Na7 52. Kb3 f3 53. Ne4 Kg7 54.
Kc4 Kg6 55. Kd4 Kf5 56. Nf2 Kf4 57. Nd3+ Kg3 58. Ke3 Nb5 59. Nc5 Na7 60. Ne4+
Kg2 61. Nf2 Kg3 62. Nd3 Nb5 63. Nc5 1/2-1/2

[Event "World Youth Girls U18 2014"]
[Site "Durban RSA"]
[Date "2014.09.23"]
[Round "5.2"]
[White "Rodionova, Polina"]
[Black "Dragieva, Denitza"]
[Result "1-0"]
[WhiteTitle "WFM"]
[BlackTitle "WFM"]
[WhiteElo "2090"]
[BlackElo "2066"]
[WhiteFideId "24102555"]
[BlackFideId "2907232"]
[EventDate "2014.09.20"]

1. e4 e5 2. Nf3 Nc6 3. Nc3 Nf6 4. d4 Bb4 5. Nxe5 Bxc3+ 6. bxc3 Qe7 7. Bd3 Nxe5
8. dxe5 Qxe5 9. O-O b6 10. Qe1 Bb7 11. f4 Qc5+ 12. Kh1 Qc6 13. Rf2 O-O-O 14. Re2
d5 15. e5 Ne4 16. c4 Nc5 17. Bf5+ Kb8 18. cxd5 Rxd5 19. Bg4 Qg6 20. Bf3 Rd7 21.
Bxb7 Kxb7 22. Be3 Ne6 23. Qf2 f5 24. a4 Rhd8 25. Ree1 Qh5 26. Qf1 a5 27. h3 Nd4
28. Qf2 Qg6 29. c3 Nb3 30. Ra2 Qc6 31. Qc2 Nc5 32. Bxc5 Qxc5 33. Qxf5 Qxc3 34.
Qe4+ Kb8 35. Rae2 g6 36. e6 Re7 37. Kh2 Qf6 38. Qe5 Qxe5 39. Rxe5 Rd4 40. R5e4
c5 41. g4 Kc7 42. f5 gxf5 43. gxf5 Rxe4 44. Rxe4 Kd6 45. Kg3 c4 46. Kf4 c3 47.
Rc4 b5 48. axb5 Rb7 49. Rxc3 Rxb5 50. Rd3+ Ke7 51. Rd7+ 1-0

[Event "World Youth Girls U18 2014"]
[Site "Durban RSA"]
[Date "2014.09.23"]
[Round "5.3"]
[White "Rodriguez Rueda, Paula Andrea"]
[Black "Parnali, S Dharia"]
[Result "1-0"]
[WhiteTitle "WIM"]
[WhiteElo "2349"]
[BlackElo "1919"]
[WhiteFideId "4404564"]
[BlackFideId "5043131"]
[EventDate "2014.09.20"]

1. d4 d5 2. Nf3 Nf6 3. c4 e6 4. Nc3 Be7 5. Bg5 h6 6. Bh4 O-O 7. e3 Ne4 8. Bxe7
Qxe7 9. Bd3 Nxc3 10. bxc3 Nd7 11. O-O c6 12. Re1 e5 13. e4 dxe4 14. Bxe4 f5 15.
Bc2 e4 16. c5 Qf6 17. Nd2 b6 18. cxb6 axb6 19. f3 c5 20. fxe4 cxd4 21. Nf3 d3
22. e5 Nxe5 23. Rxe5 dxc2 24. Qd5+ Qf7 25. Qxa8 Bb7 26. Qa4 Bxf3 27. gxf3 Qg6+
28. Kh1 Qh5 29. Qxc2 Qxf3+ 30. Qg2 Qxc3 31. Rae1 f4 32. Qd5+ Kh7 33. Re8 Rxe8
34. Qf5+ 1-0

[Event "World Youth Girls U18 2014"]
[Site "Durban RSA"]
[Date "2014.09.23"]
[Round "5.5"]
[White "Nevioselaya, Maria"]
[Black "Styazhkina, Anna"]
[Result "0-1"]
[BlackTitle "WIM"]
[WhiteElo "2024"]
[BlackElo "2203"]
[WhiteFideId "13502280"]
[BlackFideId "24119300"]
[EventDate "2014.09.20"]

1. e4 e5 2. Nf3 Nc6 3. Bb5 a6 4. Ba4 Nge7 5. O-O g6 6. c3 Bg7 7. d4 exd4 8. cxd4
b5 9. Bb3 d6 10. h3 O-O 11. Nc3 h6 12. Bf4 Kh7 13. Rc1 f5 14. exf5 Bxf5 15. Nd5
Be4 16. Nxe7 Nxe7 17. Be3 Bxf3 18. gxf3 Nf5 19. Kh2 d5 20. Rc5 Qd6+ 21. f4 c6
22. Kh1 Rae8 23. Qd3 Re4 24. Qc2 Qd7 25. Rxc6 Nxd4 26. Bxd4 Qxh3+ 27. Kg1 Qg4+
28. Kh1 Rf5 0-1

[Event "World Youth Girls U18 2014"]
[Site "Durban RSA"]
[Date "2014.09.23"]
[Round "5.6"]
[White "Fischer, Julie"]
[Black "Marikova, Jana"]
[Result "0-1"]
[WhiteElo "1960"]
[BlackElo "2188"]
[WhiteFideId "699969"]
[BlackFideId "334138"]
[EventDate "2014.09.20"]

1. e4 c5 2. Nc3 d6 3. f4 Nc6 4. Nf3 g6 5. Bc4 Bg7 6. O-O e6 7. f5 Nf6 8. Ng5
gxf5 9. Nxf7 Kxf7 10. exf5 Re8 11. fxe6+ Bxe6 12. Bxe6+ Rxe6 13. d3 Kg8 14. Bg5
Qe8 15. Qf3 Qg6 16. Bxf6 Rxf6 17. Qd5+ Kh8 18. Ne4 Rxf1+ 19. Rxf1 Rf8 20. Rxf8+
Bxf8 21. c3 Be7 22. b4 cxb4 23. cxb4 Qg7 24. Nxd6 Bxd6 25. Qxd6 Qd4+ 26. Qxd4+
Nxd4 27. Kf2 Kg7 28. Ke3 Nc2+ 29. Ke4 Nxb4 30. a3 Nc6 31. Kd5 Kf6 32. Kd6 Nd4
33. a4 Nb3 34. Kc7 Nc5 35. d4 Nxa4 36. Kxb7 Nc3 37. Kxa7 Nb5+ 38. Kb6 Nxd4 39.
Kc5 Nf5 40. g4 Ne3 41. h3 Kg5 42. Kd4 Ng2 43. Ke5 Nf4 44. h4+ Kxg4 0-1

[Event "World Youth Girls U18 2014"]
[Site "Durban RSA"]
[Date "2014.09.23"]
[Round "5.7"]
[White "Velikic, Adela"]
[Black "Doan, Thi Hong Nhung"]
[Result "1-0"]
[WhiteElo "2175"]
[BlackElo "1903"]
[WhiteFideId "913553"]
[BlackFideId "12403547"]
[EventDate "2014.09.20"]

1. d4 d5 2. c4 dxc4 3. Nf3 Nf6 4. e3 e6 5. Bxc4 c5 6. O-O a6 7. dxc5 Qxd1 8.
Rxd1 Bxc5 9. b3 b5 10. Be2 Bb7 11. Bb2 Nbd7 12. a4 bxa4 13. Rxa4 Ke7 14. Nbd2
Nb6 15. Raa1 Rhd8 16. Ne5 Nfd7 17. Nec4 Nxc4 18. Nxc4 Bd5 19. Na5 Bb4 20. Rxd5
exd5 21. Nc6+ Kf8 22. Nxb4 Nc5 23. Ba3 Ke8 24. Rd1 Rac8 25. Nxa6 Nxa6 26. Bxa6
Rb8 27. b4 Ke7 28. b5+ Ke6 29. Bc5 Ra8 30. Bb7 Rab8 31. Bc6 f6 32. Kf1 g6 33.
Ke2 h6 34. Ra1 Ke5 35. Ra7 h5 36. Re7+ Kf5 37. b6 1-0

[Event "World Youth Girls U18 2014"]
[Site "Durban RSA"]
[Date "2014.09.23"]
[Round "5.8"]
[White "Hoare, Amy B"]
[Black "Xiao, Yiyi"]
[Result "1/2-1/2"]
[BlackTitle "WFM"]
[WhiteElo "1981"]
[BlackElo "2168"]
[WhiteFideId "418366"]
[BlackFideId "8606161"]
[EventDate "2014.09.20"]

1. e4 c5 2. c3 d5 3. exd5 Qxd5 4. d4 Nf6 5. Nf3 Bg4 6. Be2 e6 7. h3 Bh5 8. O-O
Nc6 9. Be3 cxd4 10. cxd4 Be7 11. Nc3 Qd6 12. a3 O-O 13. Qb3 a6 14. Rfd1 Rfd8 15.
Rac1 b5 16. Qa2 Rac8 17. b4 h6 18. d5 exd5 19. Nxd5 Nxd5 20. Rc5 Bxf3 21. Bxf3
Ncxb4 22. axb4 Nxb4 23. Rxd6 Nxa2 24. Rxc8 Rxc8 25. Rxa6 Nc3 26. Bd4 b4 27. Rb6
Rc4 28. Be5 Ne4 29. Rb8+ Kh7 30. Rb7 f6 31. Rxe7 fxe5 32. Rxe5 Nd2 33. Be2 Rc1+
34. Kh2 b3 35. Rb5 g5 36. Rb6 Kg7 37. g3 Rc3 38. Kg2 Rc2 39. Bd3 Ra2 40. Bf5 Ra5
41. Be6 Ra3 42. Bd5 h5 43. Be6 Kh7 44. Bf5+ Kg7 45. Be6 Kh7 46. Bf5+ Kg8 47.
Be6+ Kg7 48. Bd5 g4 49. hxg4 hxg4 50. Be6 Ra4 51. Bxb3 Rd4 52. Bc2 Nc4 53. Rc6
Ne5 54. Re6 Nf3 55. Bf5 Kf7 56. Rh6 Ne5 57. Re6 Nf3 58. Re4 Rxe4 59. Bxe4 Ne5
60. Bf5 Kf6 61. Bc8 Kg5 62. Kf1 Nc4 63. Ke2 Ne5 64. Ke3 Nc4+ 65. Kd4 Nb2 66. Ke3
Nd1+ 67. Ke2 Nc3+ 68. Kd3 Nd1 69. Ke2 Nc3+ 70. Kd3 1/2-1/2

[Event "World Youth Girls U18 2014"]
[Site "Durban RSA"]
[Date "2014.09.23"]
[Round "5.9"]
[White "Leonardi, Caterina"]
[Black "Nandhidhaa, PV"]
[Result "0-1"]
[WhiteElo "1903"]
[BlackElo "2144"]
[WhiteFideId "14601036"]
[BlackFideId "5050847"]
[EventDate "2014.09.20"]

1. d4 Nf6 2. c4 e6 3. g3 d5 4. Bg2 dxc4 5. Nf3 Bb4+ 6. Nbd2 O-O 7. O-O c3 8. Nb3
cxb2 9. Bxb2 Nbd7 10. Qc2 c6 11. Rfd1 Re8 12. e4 a5 13. a4 Qe7 14. Rac1 Nf8 15.
Ne5 Ng6 16. Nc4 Nd7 17. h4 b5 18. axb5 cxb5 19. Ncxa5 Bxa5 20. Ra1 Qd8 21. h5
Ngf8 22. h6 Bb7 23. hxg7 Ng6 24. d5 exd5 25. exd5 Bb6 26. Rxa8 Bxa8 27. Bf1 Qg5
28. Nd4 Qxd5 29. Nc6 Qxc6 30. Qxc6 Bxc6 0-1

[Event "World Youth Girls U18 2014"]
[Site "Durban RSA"]
[Date "2014.09.23"]
[Round "5.10"]
[White "Ren, Xiaoyi"]
[Black "Machlik, Monika"]
[Result "1/2-1/2"]
[WhiteElo "2134"]
[BlackElo "2005"]
[WhiteFideId "8608709"]
[BlackFideId "1513621"]
[EventDate "2014.09.20"]

1. d4 Nf6 2. c4 e6 3. g3 Bb4+ 4. Bd2 a5 5. Bg2 d6 6. Nc3 Nc6 7. Nb5 e5 8. d5 Nb8
9. Bxb4 axb4 10. a3 bxa3 11. Rxa3 Rxa3 12. Nxa3 O-O 13. e4 Ne8 14. Ne2 f5 15.
exf5 Bxf5 16. O-O c5 17. dxc6 bxc6 18. b4 Qb6 19. Qb3 Kh8 20. b5 Nf6 21. Qd1 Qc5
22. Qb3 Qb6 23. h3 Be4 24. Qe3 Qxe3 25. fxe3 Bd3 26. Re1 d5 27. bxc6 dxc4 28. c7
Na6 29. Nb5 e4 30. Ned4 Nd5 31. Ne6 Ra8 32. Rc1 Kg8 33. Kf2 g6 34. h4 Kf7 35.
Ng5+ Kg7 36. Bxe4 Naxc7 37. Nxc7 Ra2+ 38. Kg1 Bxe4 39. Nxe4 Nxc7 40. Nd6 Nd5 41.
e4 Ne3 42. Nxc4 Rg2+ 43. Kh1 Rxg3 44. e5 Nxc4 45. Rxc4 Re3 46. Kg2 Rxe5 47. Kg3
Kf6 48. Rc3 Kf5 49. Rf3+ Ke6 50. Rf8 Rf5 51. Rh8 Rf7 52. Kg4 Kf6 53. h5 Rb7 54.
h6 Rb4+ 55. Kg3 Rb3+ 56. Kg4 Rb4+ 57. Kg3 Rb3+ 58. Kg4 Rb4+ 1/2-1/2

[Event "World Youth Girls U18 2014"]
[Site "Durban RSA"]
[Date "2014.09.23"]
[Round "5.11"]
[White "Yashora, Tiumi"]
[Black "Utiatskaja, Irina"]
[Result "0-1"]
[WhiteElo "1706"]
[BlackElo "2047"]
[WhiteFideId "9903534"]
[BlackFideId "24140848"]
[EventDate "2014.09.20"]

1. d4 Nf6 2. c4 b6 3. Nf3 Bb7 4. g3 e6 5. Bg2 g6 6. Nc3 Bg7 7. O-O Ne4 8. Qc2
Nxc3 9. Qxc3 O-O 10. Be3 d6 11. Qd2 Re8 12. Rfd1 Nd7 13. Qc2 Nf6 14. Rac1 Be4
15. Qb3 Rb8 16. Ne1 Bxg2 17. Kxg2 Ng4 18. Nc2 a5 19. h3 Nxe3+ 20. Nxe3 c6 21. d5
exd5 22. cxd5 c5 23. Rc2 b5 24. Qd3 Bd4 25. Nf1 a4 26. e3 Bf6 27. Nd2 Qe7 28.
Qe2 Bg7 29. Kh2 f5 30. Nf3 h6 31. Nh4 Kh7 32. Qd2 Qe4 33. Ng2 g5 34. Rf1 Re5 35.
Rd1 Rc8 36. Qe2 Kg6 37. h4 c4 38. f3 Ree8 39. f4 0-1

[Event "World Youth Girls U18 2014"]
[Site "Durban RSA"]
[Date "2014.09.23"]
[Round "5.13"]
[White "Regam, Jessica"]
[Black "Schmalhorst, Sophia"]
[Result "1/2-1/2"]
[WhiteTitle "WFM"]
[WhiteElo "2031"]
[BlackElo "1903"]
[WhiteFideId "2033496"]
[BlackFideId "24682497"]
[EventDate "2014.09.20"]

1. e4 e5 2. Nf3 Nc6 3. Bb5 a6 4. Ba4 Nge7 5. c3 g6 6. O-O Bg7 7. d4 exd4 8. cxd4
b5 9. Bb3 d6 10. h3 O-O 11. Nc3 Na5 12. Bc2 c5 13. Bg5 Qc7 14. Rc1 Re8 15. Bb1
Qa7 16. dxc5 dxc5 17. b3 Be6 18. Be3 Rad8 19. Qe1 Nb7 20. Ne2 f5 21. Ng5 Bc8 22.
b4 Bd4 23. Nxd4 cxd4 24. Bf4 Nd5 25. Qd2 Nxf4 26. Qxf4 Nd6 27. exf5 Bxf5 28.
Bxf5 gxf5 29. Rc6 Qd7 30. Rxa6 Ne4 31. Nxe4 fxe4 32. Rc1 e3 33. fxe3 dxe3 34.
Re1 e2 35. Rf6 Qa7+ 36. Kh2 Qxa2 37. Qg5+ Kh8 38. Rf4 Qb2 39. Qh5 Qe5 40. Qxe5+
Rxe5 41. Kg3 Rde8 42. Kf3 Re3+ 43. Kf2 R3e4 44. Kf3 Re3+ 45. Kf2 R3e4 1/2-1/2

[Event "World Youth Girls U18 2014"]
[Site "Durban RSA"]
[Date "2014.09.23"]
[Round "5.14"]
[White "Cosman, Andreea-Marioara"]
[Black "Hiebler, Laura"]
[Result "1-0"]
[WhiteElo "2018"]
[BlackElo "1901"]
[WhiteFideId "1217968"]
[BlackFideId "1617621"]
[EventDate "2014.09.20"]

1. d4 Nf6 2. c4 e6 3. Nc3 Bb4 4. e3 d5 5. cxd5 exd5 6. Qa4+ Nc6 7. Bb5 Bd7 8. a3
Bd6 9. Qc2 O-O 10. Nge2 Re8 11. Bd3 Ne7 12. Nb5 Bxb5 13. Bxb5 c6 14. Bd3 Ng6 15.
h4 Nf8 16. Bd2 c5 17. dxc5 Rc8 18. b4 b6 19. c6 Ne4 20. Rc1 Qf6 21. Rf1 Qxh4 22.
Ba6 Rc7 23. g3 Qf6 24. Qd3 Ne6 25. f4 Qf5 26. Rg1 Qg4 27. Qxd5 Nxd2 28. Qxd2 Rd8
29. Qc3 Qf3 30. Rf1 Qe4 31. Bd3 Qxd3 32. Qxd3 Bxb4+ 33. axb4 Rxd3 34. Kf2 Rb3
35. Rfd1 Rxb4 36. f5 Nf8 37. Nf4 Rxf4+ 38. exf4 a5 39. Rd5 g6 40. g4 Kg7 41. Rd6
h5 42. f6+ Kh7 43. gxh5 Ne6 44. Rd7 a4 45. Rxc7 Nxc7 46. Rd1 a3 47. Ra1 Nb5 48.
Rxa3 gxh5 49. Rb3 Na7 50. Rxb6 Kg6 51. c7 Kf5 52. Kf3 h4 53. Rb8 1-0

[Event "World Youth Girls U18 2014"]
[Site "Durban RSA"]
[Date "2014.09.23"]
[Round "5.15"]
[White "Diederichs, Luise"]
[Black "Mynzhasarova, Kamilla"]
[Result "1-0"]
[WhiteElo "1992"]
[BlackElo "1882"]
[WhiteFideId "24661597"]
[BlackFideId "13703668"]
[EventDate "2014.09.20"]

1. d4 d5 2. c4 e6 3. Nf3 Nf6 4. Nc3 c6 5. Bg5 Nbd7 6. e3 Be7 7. Qc2 O-O 8. cxd5
exd5 9. Bd3 h6 10. Bh4 Re8 11. O-O Qc7 12. Nb5 Qb6 13. Nc3 Nh5 14. Bxe7 Rxe7 15.
Rfe1 Nhf6 16. Rad1 Nf8 17. h3 Be6 18. Ne5 N8d7 19. f4 Nxe5 20. fxe5 Nd7 21. Na4
Qc7 22. e4 Rc8 23. exd5 Bxd5 24. Nc3 Nb6 25. Qf2 Be6 26. Re3 Kh8 27. Rg3 Rg8 28.
Qf3 Bd5 29. Qh5 Rd8 30. Qf5 g6 31. Qf6+ 1-0